The law of treasure /
This title aims to provide a reliable guide to the Law of Treasure in England, Wales and Northern Ireland. It will be of vital interest and utility to metal detectorists in addition to archaeologists, museums, coroner's offices, finds liaison officers, farmers and landlords' associations.
المؤلفون الرئيسيون: ,
التنسيق: كتاب الكتروني
اللغة: English
منشور في:
Summertown, Oxford :
Archaeopress Publishing Ltd,
2018.
الموضوعات:
الوصول للمادة أونلاين: Login to view Source
الوسوم: إضافة وسم
رقم الطلب: KD1205
| LEADER | 01794nam a2200385 i 4500 | ||
|---|---|---|---|
| 001 | EDZ0001950300 | ||
| 003 | StDuBDS | ||
| 005 | 20230412182314.0 | ||
| 006 | m|||||o||d|||||||| | ||
| 007 | cr ||||||||||| | ||
| 008 | 180828s2018 enk fo 000|0|eng|d | ||
| 020 | |a 9781784919757 (ebook) : |c No price | ||
| 040 | |a StDuBDS |b eng |c StDuBDS |e rda |e pn | ||
| 050 | 4 | |a KD1205 | |
| 082 | 0 | 4 | |a 346.4204 |2 23 |
| 100 | 1 | |a Guest, Anthony Gordon, |e author. | |
| 245 | 1 | 4 | |a The law of treasure / |c A.G. Guest with the assistance of Paul Matthews. |
| 264 | 1 | |a Summertown, Oxford : |b Archaeopress Publishing Ltd, |c 2018. | |
| 300 | |a 1 online resource (x, 152 pages) | ||
| 336 | |a text |2 rdacontent | ||
| 337 | |a computer |2 rdamedia | ||
| 338 | |a online resource |2 rdacarrier | ||
| 500 | |a Previously issued in print: 2018. | ||
| 520 | 8 | |a This title aims to provide a reliable guide to the Law of Treasure in England, Wales and Northern Ireland. It will be of vital interest and utility to metal detectorists in addition to archaeologists, museums, coroner's offices, finds liaison officers, farmers and landlords' associations. | |
| 521 | |a Specialized. | ||
| 588 | |a Description based on online resource; title from home page (viewed on October 9, 2018). | ||
| 650 | 0 | |a Treasure troves |x Law and legislation |z England. | |
| 650 | 0 | |a Treasure troves |x Law and legislation |z Wales. | |
| 650 | 0 | |a Treasure troves |x Law and legislation |z Northern Ireland. | |
| 700 | 1 | |a Matthews, Paul |q (Paul Bernard John), |e author. | |
| 776 | 0 | 8 | |i Print version : |z 9781784919740 |
| 856 | 4 | 0 | |3 Archaeopress |u http://library.arce.org:8087/Archaeopress/Products/9781784919740 |
| 942 | |2 lcc |c EBOOK | ||
| 952 | |0 0 |1 0 |4 0 |6 KD1205 |7 1 |9 46445 |a ARCH |b ARCH |d 2023-04-12 |l 0 |o KD1205 |r 2023-04-12 00:00:00 |w 2023-04-12 |y EBOOK | ||
| 999 | |c 52103 |d 52103 | ||
